| 000 | 01463cam a2200445 a 4500 | ||
|---|---|---|---|
| 001 | 58212 | ||
| 005 | 20230410105332.0 | ||
| 008 | 050602s2004 ag b 000 0 spa | ||
| 010 | _a 2005428564 | ||
| 035 | _a(OCoLC)ocm63145813 | ||
| 040 |
_aDLC _cDLC _dNYP _dIUL _dIXA _dXVF _dOCLCG |
||
| 020 | _a9871105738 | ||
| 020 | _a9789871105731 | ||
| 029 | 1 |
_aNLGGC _b297491725 |
|
| 029 | 1 |
_aAU@ _b000040329527 |
|
| 035 | _a(OCoLC)63145813 | ||
| 041 | 1 |
_aspa _hpor |
|
| 043 | _as-bl--- | ||
| 050 | 1 | 4 |
_aH61 _b.O77 2004 |
| 100 | 1 |
_aOrtiz, Renato, _d1947- |
|
| 245 | 1 | 0 |
_aTaquigrafiando lo social / _cpor Renato Ortiz ; [traduccion de Ada Solari]. |
| 260 |
_aBuenos Aires : _bSiglo Veintiuno Editores Argentina, _cc2004. |
||
| 300 |
_a206 p. ; _c21 cm. |
||
| 490 | 1 | _aMetamorfosis | |
| 546 | _aArticles translated from Portuguese. | ||
| 504 | _aIncludes bibliographical references. | ||
| 650 | 0 |
_aSocial sciences _xPhilosophy. |
|
| 650 | 0 |
_aSociology _xHistory. |
|
| 600 | 1 | 0 |
_aDurkheim, Emile, _d1858-1917. |
| 650 | 0 | _aFrankfurt school of sociology. | |
| 650 | 4 |
_aCiencias sociales _xFilosofâia. |
|
| 650 | 4 |
_aSociologia _xHistoria. |
|
| 600 | 1 | 4 |
_aDurkheim, Emile, _d1858-1917. |
| 650 | 4 | _aEscuela de Sociologâia de Frankfurt. | |
| 830 | 0 | _aMetamorfosis (Buenos Aires, Argentina) | |
| 856 | 4 | 2 |
_3Mas?... busque en WorldCat (solo desde FUNGLODE) _uwww.firstsearch.oclc.org/fsip |
| 942 |
_2lcc _cbk |
||
| 946 | _amfcruz | ||
| 994 |
_aC0 _bDRFGD |
||
| 999 |
_c34639 _d34639 |
||